Fiscal Adjustment in Sudan Size, Speed, and Composition /

The paper aims to identify the optimal size, speed and composition of the medium-term fiscal adjustment in the context of Sudan's limited oil reserves. The permanently sustainable non-oil primary balance approach suggests the need for significant fiscal adjustment over the medium term, requirin...

Deskribapen osoa

Xehetasun bibliografikoak
Egile nagusia: Abbas, S. M. Ali
Beste egile batzuk: Moriyama, Kenji, Naseer, Abdul
Formatua: Aldizkaria
Hizkuntza:English
Argitaratua: Washington, D.C. : International Monetary Fund, 2010.
Saila:IMF Working Papers; Working Paper ; No. 2010/079
Sarrera elektronikoa:Full text available on IMF
LEADER 01737cas a2200265 a 4500
001 AALejournalIMF006381
008 230101c9999 xx r poo 0 0eng d
020 |c 5.00 USD 
020 |z 9781451982220 
022 |a 1018-5941 
040 |a BD-DhAAL  |c BD-DhAAL 
100 1 |a Abbas, S. M. Ali. 
245 1 0 |a Fiscal Adjustment in Sudan Size, Speed, and Composition /  |c S. M. Ali Abbas, Kenji Moriyama, Abdul Naseer. 
264 1 |a Washington, D.C. :  |b International Monetary Fund,  |c 2010. 
300 |a 1 online resource (43 pages) 
490 1 |a IMF Working Papers 
500 |a <strong>Off-Campus Access:</strong> No User ID or Password Required 
500 |a <strong>On-Campus Access:</strong> No User ID or Password Required 
506 |a Electronic access restricted to authorized BRAC University faculty, staff and students 
520 3 |a The paper aims to identify the optimal size, speed and composition of the medium-term fiscal adjustment in the context of Sudan's limited oil reserves. The permanently sustainable non-oil primary balance approach suggests the need for significant fiscal adjustment over the medium term, requiring a widening of the tax base. Cross-country comparisons highlight VAT and personal income tax (as well as tax administration) as key areas for reform. The paper also suggests the need for complementary expenditure-side measures in the areas of petroleum pricing and anchoring fiscal policy in non-oil indicators. 
538 |a Mode of access: Internet 
700 1 |a Moriyama, Kenji. 
700 1 |a Naseer, Abdul. 
830 0 |a IMF Working Papers; Working Paper ;  |v No. 2010/079 
856 4 0 |z Full text available on IMF  |u http://elibrary.imf.org/view/journals/001/2010/079/001.2010.issue-079-en.xml  |z IMF e-Library